Language Quiz

Random Language or Letter Quiz
Score 0/12 Timer 08:00
2 Plays Today
Question Answer Wrong Answers
1. Mammal
2. Adoration
E - O - L - V
84.3%
T - E - N - W
5.9%
L - I - D - O
7.1%
1. Mammal
2. Perform
T - C - A
82.4%
O - G - D
4.8%
M - N - A
12.2%
1. Workshop tool
2. Rule
L - W - A
75.6%
L - I - O
4.7%
L - D - E
5.1%
1. Mammal
2. Littoral place
O - E - S - R - H
65.2%
T - A - R - P - I
11.5%
C - H - E - B - A
16.4%
1. Body part
2. Measurement unit
N - H - C - I
63.4%
O - T - S - E
4.3%
M - G - R - A
6.6%
1. Body part
2. Thick liquid
E - L - G
62.3%
R - M - A
6.8%
U - M - D
5.9%
1. Body part
2. Trees
E - S - N - P - I
61.7%
C - H - S - T - E
6.9%
P - S - A - N - E
5.2%
1. Mammal
2. Clothed
G - A - D - B - R - E
59.4%
O - U - C - R - A - G
7.9%
O - U - I - F - T - T
21.8%
1. Body Part
2. Edge
I - N - F - E - R - G
49.3%
I - N - K - D - Y - E
8.2%
O - R - B - R - E - D
15.9%
1. Workshop tool
2. Country
L - N - A - E - P
49%
L - D - L - I - R
4.5%
I - N - S - A - P
26.2%
1. Workshop tool
2. Fight
A - P - R - S
48.7%
S - I - E - V
18.8%
O - B - U - T
15%
1. Workshop tool
2. Caught
A - N - S - D - R - E
39.4%
H - M - A - R - M - E
13.4%
B - A - B - D - E - N
23.2%
Remove Ads.
Support Sporcle.
Get the best of Sporcle when you Go Orange. This ad-free experience offers more features, more stats, and more fun while also helping to support Sporcle. Thank you for becoming a member.

You're not logged in!

Compare scores with friends on all Sporcle quizzes.
OR
Log In

Show Comments

Extras

Top Quizzes Today


Score Distribution

Your Account Isn't Verified!

In order to create a playlist on Sporcle, you need to verify the email address you used during registration. Go to your Sporcle Settings to finish the process.

Report this User

Report this user for behavior that violates our Community Guidelines.

Details: